00339nam a22001337a 4500003000700000005001700007008004100024082002000065100002000085245002500105260005000130300000800180650001700188MPLRDC20220104113832.0210129b ||||| |||| 00| 0 eng d a220.7 QHWSS c.2 a清海无上师 a即刻开悟之钥c ab清海无上师吉隆坡禅 定学会c1993 b平 a佛教杂论